| 000 | 00695nam a22002177a 4500 | ||
|---|---|---|---|
| 005 | 20251108170917.0 | ||
| 008 | 250721s2002 xx 000 0 ara d | ||
| 082 | 1 | 4 | _a658.7/منص |
| 100 | 1 | _aالمنصور، كاسر نصر | |
| 245 | 1 | 0 | _aالمداخل الحديثة في إدارة المواد / |
| 264 | 1 |
_aعمان : _bدارالميسر للنشر والتوزيع، _c2002. |
|
| 300 | _a388ص. | ||
| 650 | 1 | 7 | _aادارة المواد |
| 650 | 1 | 7 | _aالشراء |
| 650 | 1 | 7 | _aالتفاوض التسويق |
| 650 | 1 | 7 | _aالجودة |
| 650 | 1 | 7 | _aإستخدام الموارد |
| 700 | 1 |
_aالغدير، حمد راشد _eمؤلف |
|
| 942 |
_2ddc _cBK |
||
| 999 |
_c51910 _d51910 |
||